000 00467nam a22001817a 4500
003 LK-CoMWRAF
005 20231027115410.0
008 231027b |||||||| |||| 00| 0 eng d
040 _aLK-CoMWRAF
_dLK-CoMWRAF
_eLK-CoMWRAF
041 _aeng
082 _a297.122
_bMAU
100 _aMaududi, S. Sbul A'la
245 _aThe Meaining of the Quran
260 _aDehli :
_bMarkazi maktaba Islam,
_c2000
490 _aVolume iii
650 _aIqlam--Quran
942 _cBK
999 _c4020
_d4020